| 000 | 01253nam a22003012 4500 | ||
|---|---|---|---|
| 001 | 12722 | ||
| 003 | BD-RjUL | ||
| 005 | 20211208235339.0 | ||
| 008 | 140129s1953 xx 001 0 eng c | ||
| 035 |
_aOCLC ocm01310153 from D971002M _a(BD-RjUL) |
||
| 040 |
_aNAM _cNAM _dEQO _dBD-RjUL _beng |
||
| 041 | _aeng | ||
| 082 |
_a621.3132 _bMOD 1953 |
||
| 100 | 1 |
_aMorecock, Earle Monroe. _d1898- _939231 |
|
| 245 | 1 | 0 |
_aDirect-current circuits / _cby Earle M. Morecock. |
| 260 |
_aNew York : _aLondon : _bMcGraw-Hill, _cc1953. |
||
| 300 |
_axviii p., 1 β., 387 p. : _billus., diagrs. ; _c24 cm. |
||
| 490 | 0 | _aRochester technical series | |
| 500 | _a"One of a series prepared by the faculty of Rochester athenaeum and mechanics institute as part of its program for developing teaching materials ... related to the requirements of industry ... A companion volume Alternating-current circuits, by the same author, is included in this series." --Pref. | ||
| 500 | _a"Answers": p. 375-381. | ||
| 504 | _aIncludes Index. | ||
| 650 | 0 |
_aElectric currents. _927773 |
|
| 650 | 0 |
_aElectric circuits. _939623 |
|
| 710 | 2 |
_aRochester athenaeum and mechanics institute, Rochester, N.Y. _939233 |
|
| 942 |
_2ddc _cBK |
||
| 999 |
_c12722 _d12722 |
||